书目信息 |
| 题名: |
创造性思维与创新方法
|
|
| 作者: | 张德琦 主编 | |
| 分册: | ||
| 出版信息: | 北京 化学工业出版社 2018 |
|
| 页数: | 300页 | |
| 开本: | 26cm | |
| 丛书名: | ||
| 单 册: | ||
| 中图分类: | B804.4 , G305 | |
| 科图分类: | ||
| 主题词: | 创造性思维--高等学校--教材 , 创造学--高等学校--教材 | |
| 电子资源: | ||
| ISBN: | 978-7-122-31616-5 | |
| 000 | 01007nam0 2200253 450 | |
| 001 | 2332684930 | |
| 005 | 20231222090507.43 | |
| 010 | @a978-7-122-31616-5@d40.00CNY | |
| 100 | @a20180428d2018 em y0chiy0120 ea | |
| 101 | 0 | @achi |
| 102 | @aCN@b110000 | |
| 105 | @aa z 000yy | |
| 200 | 1 | @a创造性思维与创新方法@Achuang zao xing si wei yu chuang xin fang fa@b专著@f张德琦主编 |
| 210 | @a北京@c化学工业出版社@d2018 | |
| 215 | @a300页@c图@d26cm | |
| 300 | @a高等学校“十三五”规划教材 | |
| 330 | @a本书共分三个部分:绪论、创造性思维、创新方法,重点介绍了思维定势、方向性思维、形象思维和逻辑与批判性思维五种创造性思维,以及智力激励法、设问法、列举法、类比法、组合法、TRIZ创新方法基础等六种常见的创新方法。结合各章内容设置了“教学目标”“案例”“拓展阅读”“思考题”等栏目。 | |
| 606 | 0 | @a创造性思维@x高等学校@j教材 |
| 606 | 0 | @a创造学@x高等学校@j教材 |
| 690 | @aB804.4@v5 | |
| 690 | @aG305@v5 | |
| 701 | 0 | @a张德琦@Azhang de qi@4主编 |
| 801 | 2 | @aCN@b辽宁北配@c20231205 |
| 905 | @aBZT@dB804.4@e38 | |
| 创造性思维与创新方法/张德琦主编.-北京:化学工业出版社,2018 |
| 300页:图;26cm |
| 高等学校“十三五”规划教材 |
| ISBN 978-7-122-31616-5:40.00CNY |
| 本书共分三个部分:绪论、创造性思维、创新方法,重点介绍了思维定势、方向性思维、形象思维和逻辑与批判性思维五种创造性思维,以及智力激励法、设问法、列举法、类比法、组合法、TRIZ创新方法基础等六种常见的创新方法。结合各章内容设置了“教学目标”“案例”“拓展阅读”“思考题”等栏目。 |
| ● |
| 相关链接 |
|
|
|
正题名:创造性思维与创新方法
索取号:B804.4/38
 
预约/预借
| 序号 | 登录号 | 条形码 | 馆藏地/架位号 | 状态 | 备注 |
| 1 | 2001685787 | 2001685787 | 516书库/ [索取号:B804.4/38] | 在馆 | |
| 2 | 2001685788 | 2001685788 | 516书库/ [索取号:B804.4/38] | 在馆 | |
| 3 | 2001685789 | 2001685789 | 516书库/ [索取号:B804.4/38] | 在馆 | |
| 4 | 2001685790 | 2001685790 | 516书库/ [索取号:B804.4/38] | 在馆 | |
| 5 | 2001685791 | 2001685791 | 516书库/ [索取号:B804.4/38] | 在馆 | |
| 6 | 2001685792 | 2001685792 | 218书库/ [索取号:B804.4/38] | 在馆 | |
| 7 | 2001685793 | 2001685793 | 218书库/ [索取号:B804.4/38] | 在馆 | |
| 8 | 2001685794 | 2001685794 | 218书库/ [索取号:B804.4/38] | 在馆 | |
| 9 | 2001685795 | 2001685795 | 516书库/ [索取号:B804.4/38] | 在馆 | |
| 10 | 2001685796 | 2001685796 | 516书库/ [索取号:B804.4/38] | 在馆 | |
| 11 | 2001685797 | 2001685797 | 516书库/ [索取号:B804.4/38] | 在馆 | |
| 12 | 2001685798 | 2001685798 | 516书库/ [索取号:B804.4/38] | 在馆 | |
| 13 | 2001685799 | 2001685799 | 218书库/ [索取号:B804.4/38] | 在馆 | |
| 14 | 2001685800 | 2001685800 | 218书库/ [索取号:B804.4/38] | 在馆 | |
| 15 | 2001685801 | 2001685801 | 516书库/ [索取号:B804.4/38] | 在馆 | |
| 16 | 2001685802 | 2001685802 | 516书库/ [索取号:B804.4/38] | 在馆 | |
| 17 | 2001685803 | 2001685803 | 516书库/ [索取号:B804.4/38] | 在馆 | |
| 18 | 2001685804 | 2001685804 | 516书库/ [索取号:B804.4/38] | 在馆 | |
| 19 | 2001685805 | 2001685805 | 516书库/ [索取号:B804.4/38] | 在馆 | |
| 20 | 2001685806 | 2001685806 | 516书库/ [索取号:B804.4/38] | 在馆 | |
| 21 | 2001685807 | 2001685807 | 516书库/ [索取号:B804.4/38] | 在馆 | |
| 22 | 2001685808 | 2001685808 | 516书库/ [索取号:B804.4/38] | 在馆 | |
| 23 | 2001685809 | 2001685809 | 218书库/ [索取号:B804.4/38] | 在馆 | |
| 24 | 2001685810 | 2001685810 | 516书库/ [索取号:B804.4/38] | 在馆 | |
| 25 | 2001685811 | 2001685811 | 516书库/ [索取号:B804.4/38] | 在馆 | |
| 26 | 2001685812 | 2001685812 | 516书库/ [索取号:B804.4/38] | 在馆 | |
| 27 | 2001685813 | 2001685813 | 516书库/ [索取号:B804.4/38] | 在馆 | |
| 28 | 2001685814 | 2001685814 | 516书库/ [索取号:B804.4/38] | 在馆 | |
| 29 | 2001685815 | 2001685815 | 516书库/ [索取号:B804.4/38] | 在馆 | |
| 30 | 2001685816 | 2001685816 | 516书库/ [索取号:B804.4/38] | 在馆 |